00538nam a2200181Ia 4500003000400000005001700004008004100021020002200062040000700084041000800091082002400099100002000123245012400143260004300267300001500310365001300325650001800338OSt20230614113639.0210423s2018 xx 000 0 und d a978-93-87146-68-6 cAL aeng a303.4833 223bALLV aALLOCCA (Kevin) aVideocracy: how youtube is changing the world with double rainbows singing foxes and other trends we cant stop watching aNew DelhibBloomsbury Publishingc2018 axv,335bPB b599cINR aSocial Change